The wretched of the earth / (Record no. 25054)

MARC details
000 -LEADER
fixed length control field 01169cam a22003611 4500
001 - CONTROL NUMBER
control field 4605459
003 - CONTROL NUMBER IDENTIFIER
control field AUA.1
005 - DATE AND TIME OF LATEST TRANSACTION
control field 20250513082952.0
008 - FIXED-LENGTH DATA ELEMENTS--GENERAL INFORMATION
fixed length control field 250513t19651963nyu 000 0 eng
010 ## - LIBRARY OF CONGRESS CONTROL NUMBER
LC control number 65014196
035 ## - SYSTEM CONTROL NUMBER
System control number (OCoLC)ocm01316464
035 ## - SYSTEM CONTROL NUMBER
System control number (NNC)4605459
040 ## - CATALOGING SOURCE
Original cataloging agency DLC
Transcribing agency DLC
Modifying agency SBH
-- OCL
-- EL$
041 1# - LANGUAGE CODE
Language code of text/sound track or separate title eng
Language code of original and/or intermediate translations of text fre
043 ## - GEOGRAPHIC AREA CODE
Geographic area code e-fr---
-- f------
-- f-ae---
050 0# - LIBRARY OF CONGRESS CALL NUMBER
Classification number DT 33
Item number .F36 1968
098 ## - OTHER CLASSIFICATION SCHEMES (OCLC)
Call number based on other classification scheme MX76
100 1# - MAIN ENTRY--PERSONAL NAME
Personal name Fanon, Frantz,
Dates associated with a name 1925-1961.
9 (RLIN) 23805
245 14 - TITLE STATEMENT
Title The wretched of the earth /
Statement of responsibility, etc Pref. by Jean-Paul Sartre. Translated from the French by Constance Farrington.
260 ## - PUBLICATION, DISTRIBUTION, ETC. (IMPRINT)
Place of publication, distribution, etc New York :
Name of publisher, distributor, etc Grove Press,
Date of publication, distribution, etc [1968, c1963]
300 ## - PHYSICAL DESCRIPTION
Extent 316 p.
Dimensions 19 cm.
650 #0 - SUBJECT ADDED ENTRY--TOPICAL TERM
Topical term or geographic name as entry element Offenses against the person.
9 (RLIN) 23806
650 #2 - SUBJECT ADDED ENTRY--TOPICAL TERM
Topical term or geographic name as entry element Aggression.
9 (RLIN) 23807
650 #2 - SUBJECT ADDED ENTRY--TOPICAL TERM
Topical term or geographic name as entry element Civilization.
9 (RLIN) 23808
650 #2 - SUBJECT ADDED ENTRY--TOPICAL TERM
Topical term or geographic name as entry element Neurotic Disorders.
9 (RLIN) 23809
650 #2 - SUBJECT ADDED ENTRY--TOPICAL TERM
Topical term or geographic name as entry element Psychology, Social.
9 (RLIN) 23810
650 #4 - SUBJECT ADDED ENTRY--TOPICAL TERM
Topical term or geographic name as entry element Nacionalismo
Geographic subdivision Argelia
9 (RLIN) 23811
651 #0 - SUBJECT ADDED ENTRY--GEOGRAPHIC NAME
Geographic name France
General subdivision Colonies
Geographic subdivision Africa.
9 (RLIN) 23812
651 #0 - SUBJECT ADDED ENTRY--GEOGRAPHIC NAME
Geographic name Algeria
General subdivision History
Chronological subdivision 1945-1962.
9 (RLIN) 23813
651 #4 - SUBJECT ADDED ENTRY--GEOGRAPHIC NAME
Geographic name Africa
General subdivision PolĂ­tica
9 (RLIN) 23814
942 ## - ADDED ENTRY ELEMENTS (KOHA)
Source of classification or shelving scheme Library of Congress Classification
Koha item type Delbert W. Baker Special Leadership Collection
Classification part DT 33
Item part .F36 1968
Holdings
Withdrawn status Lost status Source of classification or shelving scheme Damaged status Not for loan Collection code Home library Current library Shelving location Date acquired Source of acquisition Cost, normal purchase price Serial Enumeration / chronology Total Checkouts Full call number Barcode Date last seen Cost, replacement price Price effective from Koha item type
    Library of Congress Classification     DWB Special Leadership Collection Judith Thomas Library Judith Thomas Library General Stacks 07/12/2016 Donation, Dr. Delbert Baker 10.00 AUA20952   DT 33 .F36 1968 AUA20952 07/12/2016 10.00 07/12/2016 Delbert W. Baker Special Leadership Collection